GÜL SOKAĞININ DİKENLERİ (Record no. 687285)

MARC details
000 -LEADER
sabit uzunluktaki kontrol alanı 00256nam a2200097Ia 4500
001 - KONTROL NUMARASI
kontrol alanı 687285
005 - EN SON İŞLEMİN TARİH VE ZAMANI
kontrol alanı 20250826161553.0
008 - SABİT-UZUNLUKTA VERİ ÖĞELERİ--GENEL BİLGİ
sabit uzunluktaki kontrol alanı 250824s9999 xx 000 0 und d
245 #0 - ESER / YAZAR
ESER ADI GÜL SOKAĞININ DİKENLERİ
Yazar Adı ZEYNEP CEMALİ
260 ## - YAYIN, DAĞITIM, VB.
YAYIN EVİ GÜNIŞIĞI YAYINLARI
Holdings
Düşüm durumu Kayıp durumu Hasar Durumu Ödünç verilmez Ana kütüphane Geçerli Kütüphane Edinilen tarih Toplam ödünç verme sayısı Barkod Son görüntüleme tarihi Son ödünç verme tarihi Fiyatın geçerli olmaya başladığı tarih Koha materyal türü
        KEMAL AKPINAR İMAM HATİP ORTAOKULU KEMAL AKPINAR İMAM HATİP ORTAOKULU 24.08.2025 2 1028366 08.01.2026 04.12.2025 26.08.2025 Books